| 000 | 00942cam a22002531 4500 | ||
|---|---|---|---|
| 001 | e 47000004 | ||
| 003 | DLC | ||
| 005 | 20260227111233.0 | ||
| 008 | 811121s1947 xx a 000 0 eng | ||
| 010 | _ae 47000004 | ||
| 035 | _a(OCoLC)14663885 | ||
| 040 |
_aDLC _cDNLM _dOT _dOCoLC _dDLC |
||
| 042 | _apremarc | ||
| 050 | 0 | 0 |
_aL111 _b.A614 no. 8 |
| 051 |
_aRT62 _b.U55 1947 _cCopy 2. |
||
| 060 | 0 |
_aWY 195 _bU58p 1947 |
|
| 110 | 1 |
_aUnited States. _bOffice of Education. |
|
| 245 | 1 | 0 | _aPractical nursing; an analysis of the practical nurse occupation with suggestions for the organization of training programs. |
| 260 |
_aWashington, _c1947. |
||
| 300 |
_avi, 144 p. _bill. |
||
| 490 | 0 |
_aUnited States. Office of Education. Misc[ellaneous] _vno. 8 |
|
| 501 |
_aL111.A614 with: FM for education / William Dow Boutwell. Washington : U.S. Govt. Print.Off., 1944. Bound together subsequent to publication. _5DLC |
||
| 650 | 0 | _aNursing. | |
| 999 |
_c22054 _d22054 |
||